Fachsprache, Instrument und Objekt /
Uložené v:
| Hlavný autor: | |
|---|---|
| Médium: | Kniha |
| Jazyk: | German |
| Vydané: |
Leipzig :
Verlag Enzyklopädie,
1987
|
| Vydanie: | 1. Aufl. |
| Edícia: | Linguistische Studien
|
| ISBN: |
(brož.) |
| Fyzický popis: |
155 s. |
| Tagy: |
Pridať tag
Žiadne tagy, Buďte prvý kto otaguje tento záznam!
|
Titul je dostupný aj v ... 

MARC
| LEADER | 00000nam a2200000 a 4500 | ||
|---|---|---|---|
| 001 | 000290321 | ||
| 005 | 20061221062804.0 | ||
| 008 | 061221s1987 gw e 000 0 gero | ||
| 020 | |a (brož.) | ||
| 040 | |a SVKKK |b slo |c SVKKK |e AACR2 | ||
| 041 | 0 | |a ger | |
| 044 | |a gw |c DE | ||
| 100 | 1 | |a Hoffmann, Lothar, |d 1928- |4 aut | |
| 245 | 1 | 0 | |a Fachsprache, Instrument und Objekt / |c Lothar Hoffmann |
| 250 | |a 1. Aufl. | ||
| 260 | |a Leipzig : |b Verlag Enzyklopädie, |c 1987 | ||
| 300 | |a 155 s. | ||
| 440 | 0 | |a Linguistische Studien | |
| 998 | |a BK | ||
| 090 | |g SCKHL |k Sklad Pribinova 2. posch. |a III.150511 |j 772685 |i 2720178028 |s Absenčne | ||